[Event "Albert Boxer Classic op"]
[Site "Winnipeg"]
[Date "2006.05.26"]
[Round "1"]
[White "Clory, Ron"]
[Black "Kaptsan, Aron"]
[Result "0-1"]
[WhiteElo "1618"]
[BlackElo "1945"]
[PlyCount "99"]
[EventDate "2006.05.26"]
[EventType "swiss"]
[EventRounds "5"]
[EventCountry "CAN"]
[SourceTitle "EXT 2007"]
[Source "ChessBase"]
[SourceDate "2006.11.23"]
[SourceVersion "1"]
[SourceVersionDate "2006.11.23"]
[SourceQuality "1"]

1. Nf3 c5 2. d3 Nc6 3. g3 g6 4. Bg2 Bg7 5. 0-0 Nf6 6. e4 d6 7. c3 0-0 8. Bg5 Rb8 9. Re1 e5 10. Qc2 Be6 11. a3 Qb6 12. c4 Bg4 13. Nc3 Bxf3 14. Bxf3 Nd4 15. Qd1 Qxb2 16. Nd5 Nxd5 17. exd5 Qb6 18. Bg2 Qc7 19. a4 b6 20. Be3 Nf5 21. Bd2 Bh6 22. Bc3 a6 23. Bh3 Ng7 24. Rb1 Rb7 25. Bg2 Rfb8 26. Qe2 b5 27. axb5 axb5 28. Bxe5 dxe5 29. d6 Qxd6 30. Bxb7 Rxb7 31. Rxb5 Re7 32. Reb1 Nf5 33. Rb6 Qd4 34. Rb8+ Kg7 35. Qe4 Qxe4 36. dxe4 Nd6 37. Rd8 Nxc4 38. Rd5 Nd2 39. Rd1 Nxe4 40. Re1 Nd2 41. Re2 c4 42. Rexd2 Bxd2 43. Rxd2 c3 44. Rc2 Rc7 45. Kf1 e4 46. Ke2 Kf6 47. f4 Ke6 48. Ke3 Kd5 49. Rc1 c2 50. Kd2 0-1

[Event "Winnipeg February Sect-C"]
[Site "Winnipeg"]
[Date "2006.02.12"]
[Round "5"]
[White "Rumpel, Chris"]
[Black "Clory, Ron"]
[Result "1/2-1/2"]
[WhiteElo "1559"]
[BlackElo "1580"]
[PlyCount "60"]
[EventDate "2006.02.10"]
[EventType "tourn"]
[EventRounds "5"]
[EventCountry "CAN"]
[SourceTitle "EXT 2007"]
[Source "ChessBase"]
[SourceDate "2006.11.23"]
[SourceVersion "1"]
[SourceVersionDate "2006.11.23"]
[SourceQuality "1"]

1. Nf3 d6 2. g3 g6 3. Bg2 Bg7 4. 0-0 Nf6 5. d3 0-0 6. e4 Bg4 7. h3 Bxf3 8. Bxf3 c6 9. c3 Nbd7 10. Re1 e5 11. Bg2 Qc7 12. f4 exf4 13. gxf4 Qb6+ 14. d4 c5 15. Re2 cxd4 16. cxd4 Ne8 17. Be3 Qd8 18. Nc3 Nb6 19. Qd3 Nc7 20. Rd1 Qd7 21. Rf2 d5 22. e5 Nc4 23. Bc1 Rad8 24. Nxd5 Nxd5 25. Qxc4 b5 26. Qxd5 Qxd5 27. Bxd5 Rxd5 28. Rc2 Rfd8 29. Be3 Bf8 30. Rc7 Bc5 1/2-1/2

[Event "Albert Boxer Classic op"]
[Site "Winnipeg"]
[Date "2004.05.15"]
[Round "3"]
[White "Clory, Ron"]
[Black "Nikouline, Alexandre"]
[Result "0-1"]
[WhiteElo "1639"]
[BlackElo "1987"]
[PlyCount "100"]
[EventDate "2004.05.??"]
[EventType "swiss"]
[EventRounds "5"]
[EventCountry "CAN"]
[SourceTitle "EXT 2006"]
[Source "ChessBase"]
[SourceDate "2005.11.24"]
[SourceVersion "1"]
[SourceVersionDate "2005.11.24"]
[SourceQuality "1"]

1. Nf3 d5 2. d3 c5 3. g3 Nc6 4. Bg2 e5 5. c3 Bd6 6. Nbd2 Nge7 7. 0-0 0-0 8. e4 d4 9. cxd4 Nxd4 10. Nxd4 cxd4 11. Nc4 Be6 12. Nxd6 Qxd6 13. a3 Rac8 14. Bd2 Nc6 15. f4 f6 16. f5 Bf7 17. g4 h6 18. h4 Rfe8 19. g5 hxg5 20. hxg5 Kf8 21. g6 Bg8 22. Rf3 Ke7 23. Rc1 Kd8 24. Rh3 Rc7 25. Bf3 Kc8 26. Qa4 Kb8 27. Bd1 Rec8 28. b4 a6 29. Be2 Na7 30. Rxc7 Qxc7 31. Kf2 Nb5 32. Rh1 Qc2 33. Qxc2 Rxc2 34. Rh8 Rc8 35. a4 Nc3 36. a5 Kc7 37. Rh1 Bb3 38. Rc1 Kd6 39. Ke1 Ba4 40. Bd1 Rh8 41. Bxa4 Rh1+ 42. Kf2 Rh2+ 43. Kf1 Rxd2 44. Bc2 Rh2 45. Kg1 Ne2+ 46. Kxh2 Nxc1 47. Bb1 Kc6 48. Kg2 Kb5 49. Kf2 Kxb4 50. Ke1 Kc3 0-1

[Event "Winnipeg TNT Aug op"]
[Site "Winnipeg"]
[Date "2003.08.19"]
[Round "3"]
[White "Clory, Ron"]
[Black "Greenberg, Harley"]
[Result "0-1"]
[WhiteElo "1669"]
[BlackElo "1837"]
[PlyCount "78"]
[EventDate "2003.08.05"]
[EventType "swiss"]
[EventRounds "4"]
[EventCountry "CAN"]
[SourceTitle "EXT 2006"]
[Source "ChessBase"]
[SourceDate "2005.11.24"]
[SourceVersion "1"]
[SourceVersionDate "2005.11.24"]
[SourceQuality "1"]

1. Nf3 Nf6 2. g3 g6 3. Bg2 d5 4. d3 c5 5. Nbd2 Bg7 6. 0-0 Nc6 7. c4 0-0 8. a3 Re8 9. Re1 d4 10. e4 dxe3 11. Rxe3 Ng4 12. Re2 Qxd3 13. Qe1 Nd4 14. Nxd4 Bxd4 15. h3 Nxf2 16. Kh2 Qf5 17. Nf3 Nxh3 18. Nh4 Bg1+ 19. Kh1 Bf2 20. Nxf5 Bxe1 21. Nxe7+ Kf8 22. Nxg6+ fxg6 23. Bh6+ Kf7 24. Bd5+ Be6 25. Bxe6+ Rxe6 26. Rxe6 Bxg3 27. Re2 g5 28. Rf1+ Kg6 29. Re6+ Kh5 30. Bg7 Rd8 31. Rh6+ Kg4 32. Bc3 Re8 33. Rxh3 Kxh3 34. Rf7 h5 35. Rf3 g4 36. Rd3 Rf8 37. Kg1 Rf3 38. Rd2 Bf4 39. Re2 Be3+ 0-1

[Event "Winnipeg Summer op"]
[Site "Winnipeg"]
[Date "2003.07.27"]
[Round "5"]
[White "Clory, Ron"]
[Black "Gannon, Keith"]
[Result "1/2-1/2"]
[WhiteElo "1669"]
[BlackElo "1596"]
[PlyCount "138"]
[EventDate "2003.07.25"]
[EventType "swiss"]
[EventRounds "5"]
[EventCountry "CAN"]
[SourceTitle "EXT 2006"]
[Source "ChessBase"]
[SourceDate "2005.11.24"]
[SourceVersion "1"]
[SourceVersionDate "2005.11.24"]
[SourceQuality "1"]

1. Nf3 Nf6 2. g3 d5 3. d3 c5 4. Bg2 Nc6 5. 0-0 e5 6. Nbd2 Bd6 7. e4 d4 8. Nc4 Bg4 9. Nxd6+ Qxd6 10. h3 Be6 11. Ng5 Bd7 12. f4 h6 13. Nf3 0-0-0 14. fxe5 Nxe5 15. Bf4 Nxf3+ 16. Qxf3 Qb6 17. b3 Ne8 18. g4 f6 19. a4 Nc7 20. Bg3 Ne6 21. Bh2 Qc6 22. Qg3 Qc7 23. Qe1 Qb6 24. a5 Qc6 25. e5 Qa6 26. exf6 Bb5 27. Qg3 gxf6 28. Rxf6 Kd7 29. Bxb7 Qxb7 30. Rf7+ Kc8 31. Rxb7 Kxb7 32. Qe5 Rhe8 33. Re1 Bc6 34. Qf6 Ng5 35. Re7+ Rxe7 36. Qxe7+ Rd7 37. Qe6 Nf3+ 38. Kg2 Nxh2+ 39. Kxh2 Rd8 40. Qe5 a6 41. Qf4 Re8 42. h4 Re3 43. g5 hxg5 44. hxg5 Re2+ 45. Kg3 Rxc2 46. g6 Re2 47. Qf1 Re3+ 48. Kf4 Bd5 49. Kg5 Rg3+ 50. Kh6 Rf3 51. Qe2 Rh3+ 52. Kg7 Re3 53. Qg4 Re7+ 54. Kf6 Rc7 55. g7 Bxb3 56. g8Q Bxg8 57. Qxg8 Rc6+ 58. Ke5 Rc7 59. Kd5 c4 60. dxc4 d3 61. Qg1 Rd7+ 62. Kc5 d2 63. Qd1 Kc7 64. Kb4 Rd3 65. c5 Rd4+ 66. Kc3 Rd5 67. Kc4 Rd8 68. Kc3 Rd5 69. Kc4 Rd8 1/2-1/2

[Event "Winnipeg op"]
[Site "Winnipeg"]
[Date "2003.06.21"]
[Round "2"]
[White "Vincent, Trevor"]
[Black "Clory, Ron"]
[Result "1-0"]
[WhiteElo "1981"]
[BlackElo "1693"]
[PlyCount "69"]
[EventDate "2003.06.20"]
[EventType "swiss"]
[EventRounds "5"]
[EventCountry "CAN"]
[SourceTitle "EXT 2006"]
[Source "ChessBase"]
[SourceDate "2005.11.24"]
[SourceVersion "1"]
[SourceVersionDate "2005.11.24"]
[SourceQuality "1"]

1. c4 d6 2. g3 g6 3. Bg2 Bg7 4. Nc3 Nf6 5. e4 e5 6. Nge2 0-0 7. 0-0 a6 8. d3 Nc6 9. h3 Nd4 10. Nxd4 exd4 11. Ne2 c5 12. f4 Rb8 13. g4 b5 14. b3 bxc4 15. bxc4 Nd7 16. f5 Ne5 17. g5 f6 18. fxg6 Nxg6 19. gxf6 Bxf6 20. Bh6 Bg7 21. Bxg7 Kxg7 22. Ng3 Rxf1+ 23. Qxf1 Qg5 24. Qf2 Nf4 25. h4 Nxd3 26. hxg5 Nxf2 27. Kxf2 Rb2+ 28. Kf3 Kf7 29. Nf5 Ke6 30. Nxd4+ cxd4 31. Bh3+ Ke7 32. Bxc8 a5 33. Bf5 Rh2 34. Rb1 d3 35. Ke3 1-0

[Event "Winnipeg TNT March op"]
[Site "Winnipeg"]
[Date "2003.03.25"]
[Round "4"]
[White "Clory, Ron"]
[Black "Greenberg, Harley"]
[Result "1-0"]
[WhiteElo "1548"]
[BlackElo "1766"]
[PlyCount "67"]
[EventDate "2003.03.04"]
[EventType "swiss"]
[EventRounds "4"]
[EventCountry "CAN"]
[SourceTitle "EXT 2004"]
[Source "ChessBase"]
[SourceDate "2003.11.25"]
[SourceVersion "1"]
[SourceVersionDate "2003.11.25"]
[SourceQuality "1"]

1. Nf3 Nf6 2. g3 g6 3. Bg2 Bg7 4. 0-0 d5 5. d3 c5 6. Nbd2 Nc6 7. c4 0-0 8. a3 Re8 9. Rb1 a5 10. b3 e5 11. e4 dxc4 12. dxc4 Qd6 13. Bb2 Rd8 14. Qc2 Nd7 15. Rfd1 Nd4 16. Nxd4 exd4 17. Nf1 Ne5 18. Ne3 d3 19. Qd2 Bh6 20. f4 Ng4 21. e5 Qd7 22. Nd5 Bg7 23. Nb6 Qf5 24. Nxa8 Qh5 25. h3 Nh6 26. g4 Nxg4 27. Nb6 Nh6 28. Nxc8 Nf5 29. Qf2 Bh6 30. Nd6 Nh4 31. Rxd3 Bxf4 32. Qxf4 f5 33. Rbd1 Qe2 34. Qxh4 1-0

[Event "Winnipeg Icebreaker op"]
[Site "Winnipeg"]
[Date "2003.03.14"]
[Round "1.3"]
[White "Vincent, Trevor"]
[Black "Clory, Ron"]
[Result "1-0"]
[WhiteElo "1990"]
[BlackElo "1548"]
[PlyCount "79"]
[EventDate "2003.03.15"]
[EventType "swiss"]
[EventRounds "5"]
[EventCountry "CAN"]
[SourceTitle "EXT 2004"]
[Source "ChessBase"]
[SourceDate "2003.11.25"]
[SourceVersion "1"]
[SourceVersionDate "2003.11.25"]
[SourceQuality "1"]

1. c4 d6 2. Nf3 g6 3. g3 Bg7 4. Bg2 Nf6 5. 0-0 0-0 6. d4 Nbd7 7. b3 a6 8. Bb2 Rb8 9. Nbd2 b5 10. Rc1 c5 11. dxc5 Nxc5 12. Nd4 Bd7 13. Nc6 Bxc6 14. Bxc6 b4 15. Bg2 a5 16. Qc2 Qd7 17. Nf3 a4 18. Nd4 Rfc8 19. Nb5 axb3 20. axb3 Na6 21. Ra1 Qxb5 22. cxb5 Rxc2 23. Bxf6 Bxf6 24. bxa6 Bxa1 25. Rxa1 Rxe2 26. a7 Rc8 27. a8Q Rxa8 28. Rxa8+ Kg7 29. Rb8 Re1+ 30. Bf1 e5 31. Rxb4 d5 32. Rb6 d4 33. Kg2 e4 34. Bc4 d3 35. Rd6 f5 36. b4 Rc1 37. Ba6 Rc2 38. b5 d2 39. Kf1 Rc1+ 40. Ke2 1-0